Statistiques concernant Mots de 8 lettres par définition

Cliquez ici pour prendre le quiz!

Statistiques générales

  • Ce quiz a été pris 54 fois
  • Le résultat moyen est 7 sur 15

Statistiques - réponses

Genre Définition Mot % Correct
Nom FémininBoisson gazeuse à base de sucre, d'acides, d'essence de citron, de gaz carbonique et sans colorant.Limonade
88%
Nom MasculinPartie latérale d'une rue, surélevée par rapport à la chaussée et réservée à la circulation des piétons.Trottoir
86%
Nom MasculinÉtendue de terrain couverte de marais.Marécage
82%
Nom MasculinGrille-pain.Toasteur
63%
Nom FémininBoîtier amovible contenant deux bobines destinées à recevoir une bande magnétique pour l'enregistrement du son, d'images ou de données.Cassette
61%
Nom MasculinPetit d'oiseau.Oisillon
57%
Nom MasculinPipe orientale composée d'un flacon rempli d'eau parfumée, que la fumée traverse avant d'arriver à la bouche.Narguilé
51%
Nom MasculinMot que l'on peut adjoindre au substantif pour exprimer une qualité de l'être, de l'objet ou de la notion désignée, ou pour introduire ce substantif dans le discours.Adjectif
49%
Nom FémininSanction qui frappait les commerçants et dirigeants d'entreprise en état de cessation de paiements.Faillite
43%
Nom MasculinMembre d'un gang, d'une association de malfaiteurs ; bandit.Gangster
37%
Nom FémininCalotte de caoutchouc qui peut être maintenue par la pression de l'air sur une surface plane.Ventouse
31%
Nom FémininScience ayant pour objet les relations des êtres vivants (animaux, végétaux, micro-organismes) avec leur environnement, ainsi qu'avec les autres êtres vivants.Ecologie
29%
Nom FémininÉcorce fournie par divers arbres et pouvant servir de condiment ou d'épice.Cannelle
22%
Nom MasculinTerme familier désignant un homme quelconque, avec des nuances diverses; figure représentant grossièrement un être humain.Bonhomme
18%
Nom FémininDroit de bénéficier d'une dérogation à la loi commune ; privilège.Immunité
0%

Distribution des résultats

Percentile by Number Answered

% des personnes avec chaque résultat

Votre développement - résultats

Vous n’avez pas pris ce quiz